LEADER 01066nam a2200265 i 4500 001 000000035593 003 CaOOAMICUS 005 20150626000000.0 008 150626s1989 it u000 u ita u 013 $a4063 040 $aSeMil$bita 100 1 $aLuciani, Alfredo.$0(OLS)http://semarc/name/4006 245 10$aCristianesimo e socialismo in Europa 1700-1989 /$cAlfredo Luciani ; [prefazione di Claudio Martelli]. 260 $a[S.l.] :$bASCE,$c1989. 300 $aXIX, 1019 p. ;$c21 cm. 490 0 $aBiblioteca ASCE ;$v7 500 $aCont dedica. 650 4$aSocialismo e cristianesimo.$0(OLS)http://semarc/subject/1264 700 1 $aMartelli, Claudio.$0(OLS)http://semarc/name/16634 830 0$aBiblioteca ASCE ;$v7.$0(OLS)http://semarc/title/24167 850 $aSeMil 852 $aSeMil$W1$xVenegono$y1$m3N IV 330$j1748$B1748$CSeMilBibl$Z2$F1748 $81 961 $aOmaggio: Donazione 996 $6245$aCristianesimo e socialismo in Europa 1700-1989$9(OLS)http://semarc/title/48840 996 $6260$a[S.l.] :$bASCE$9(OLS)http://semarc/publisher/39757 LEADER 01154nam a2200217 i 4500 001 000000021129 003 CaOOAMICUS 005 20180830125445.0 008 180830s1976 it u000 u ita u 040 $aSeMil$bita 100 1 $aGalizzi, Mario.$0(OLS)http://semarc/name/5459 245 10$aVangelo secondo Luca /$cMario Galizzi. 260 $aLeumann (Torino) :$bElle Di Ci,$c1976-1979. 300 $a3 v. ;$c19 cm. 650 4$aBibbia. Nuovo Testamento. Vangelo secondo Luca - Meditazioni.$0(OLS)http://semarc/subject/1648 773 0 $tCommenti al Nuovo Testamento.$dLeumann : Elledici, [197.]$w()16660 774 0 $aGalizzi, Mario$tGesù vittima del potere.$dLeumann (TO) : Elle Di Ci, 1979.$kCommenti al Nuovo Testamento$gVol.3$w()178013 774 0 $aGalizzi, Mario$tLunga marcia di Gesù.$dLeumann (TO) : Elle Di Ci, 1977.$kCommenti al Nuovo Testamento$gVol.2$w()178014 774 0 $aGalizzi, Mario$tScelta dei poveri.$dLeumann (TO) : Elle Di Ci, 1976.$kCommenti al Nuovo Testamento$gVol.1$w()178015 996 $6245$aVangelo secondo Luca$9(OLS)http://semarc/title/14968 996 $6260$aLeumann (Torino) :$bElle Di Ci$9(OLS)http://semarc/publisher/29809